00670nam a2200205 a 4500001001300000003000900013005001700022008004100039020001800080040001700098082002000115100002000135245007600155250003900231260004600270300003800316504006600354650002500420700001900445000041007369AuCNLKIN20210306120449.0061026s2020 maua b 001 0 eng  a9789332582705 aMa-UncMa-Un00a005.74222bERF1 aElmasri, Ramez.10aFundamentals of database systems /cRamez Elmasri, Shamkant B. Navathe. a9th ed., Pearson international ed. aBoston :bPearson Addison Wesley,cc2020. axxviii, 1242 p. :bill. ;c24 cm. aIncludes bibliographical references (p. 1051-1079) and index. 0aDatabase management.1 aNavathe, Sham.